• 首页
  • 本馆介绍
  • 公告通知
  • 最新文献
  • 馆藏检索
  • 电子资源
  • 读者导购
  • 参考咨询
  • 我的图书馆
  • 登录
  • 详细信息显示
  • 放入我的书架
  • 预约/预借图书
  • 作者相关作品
  • 分类相关作品
  • 丛书相关作品
  • 出版社相关作品

书目信息

  • 表格格式
  • 工作单格式
  • 卡片格式
题名:
续资治通鉴
    
 
作者: 毕沅 编著
分册: 第一册  
出版信息: 北京   中华书局  1957
页数: 12册(6020页)
开本: 20cm
丛书名:
单 册:
中图分类: K204.3
科图分类:
主题词: 历史-中国-辽宋金元时代--编年体 , 辽宋金元时代-历史--编年体
电子资源:
ISBN:
000 00742nam0 2200241 45
001 0179007759
005 20060813083642.59
010    @dCNY20.00
091    @a11018.160
100    @a19950724e19791957em y0chiy0121 ea
101 0  @achi
102    @aCN@b110000
105    @ay z 000yy
200 10 @a续资治通鉴@h第一册@h卷一至卷十九@Axu zi zhi tong jian@f(清)毕沅编著@g“标点续资治通鉴小组”校点
210    @a北京@c中华书局@d1957@h1979重印
215    @a12册(6020页)@d20cm
606    @a历史-中国-辽宋金元时代@x编年体
606    @a辽宋金元时代-历史@x编年体
607    @a中国@x历史@z辽宋金元时代@x编年体
690    @aK204.3@v3
701  0 @a毕沅@Abi yuan@4编著
801  0 @aCN@bNLC@c20060813
905    @f2@b103341-342@dK204.3@e1:1@b167100@f1
    
    续资治通鉴.第一册.卷一至卷十九/(清)毕沅编著/“标点续资治通鉴小组”校点.-北京:中华书局,1957(1979重印)
    12册(6020页);20cm
    
    
    ISBN :CNY20.00
    
●
相关链接 在E读中查询图书 在五车中查询图书 在当当中查询图书 在豆瓣中查询图书


正题名:续资治通鉴     索取号:K204.3/1:1         预约/预借

序号 登录号 条形码 馆藏地/架位号 状态 备注
1 0103341   000425739   密集书库/ [索取号:K204.3/1:1] 在馆    
2 0103342   000425748   第二借阅区/ [索取号:K204.3/1:1] 在馆    
3 0167100   000425757   密集书库/ [索取号:K204.3/1:1] 在馆    
4 0456197   204561973   密集书库/ [索取号:K204.3/1:1] 在馆    
唐山师范学院图书馆 欢迎您!
大连网信软件有限公司© 版权所有